LEADER 01340nam0 2200337 450 001 000018929 005 20081106114106.0 100 $a20081106d1939----km-y0itay50------ba 101 0 $aita 102 $aIT 105 $ay-------001yy 200 1 $a<>movimento del Polo durante il 1938$edalle osservazioni delle stazioni internazionali$fL. Carnera e P. Vocca 210 $aNapoli$cStabilimento tipografico G. Genovese$d1939 215 $aP. 267-279$cill.$d25 cm 225 2 $aContributi astronomici$iSerie 2.$v0023 300 $aEstratto dal Rendiconto della R. Accademia delle Scienze fisiche e matematiche della Società reale di Napoli, Serie 4., vol. 9., 1938-39 300 $aIn test.: R. Osservatorio Astronomico di Capodimonte - Napoli 410 0$1Contributi astronomici$iSerie 2.$v0023 482 0$1001000018829 500 10$a<>movimento del Polo durante il 1938$932765 610 1 $aLatitudine$aDeterminazione 610 1 $aPolo Nord 676 $a526.6$v20$9Geodesia astronomica 676 $a919.8$v20$9Geografia. Artide. Antartide 700 1$aCarnera,$bL.$0632287 701 1$aVocca,$bPaolo$079844 801 0$aIT$bUNIPARTHENOPE$c20081106$gRICA$2UNIMARC 912 $a000018929 951 $aG 520.2/3 (13)$bG 63$cDSA$d2008 996 $aMovimento del Polo durante il 1938$932765 997 $aUNIPARTHENOPE LEADER 00883cam2 22002413 450 001 SOBE00041735 005 20140326103753.0 100 $a20140326g00009999|||||ita|0103 ba 101 $aita 102 $aIT 200 1 $a<<3: >>Testo$aIndice 210 $aFirenze$cSansoni 215 $av.$d27 cm. 461 1$1001SON0006056$12001 $a<>vite de' più eccellenti pittori, scultori e architettori nelle redazioni del 1550 e 1568 / Giorgio Vasari ; Testo a cura di Rosanna Bettarini ; Commento secolare a cura di Paola Barocchi 463 1$1001SOBE00041736$12000 $a3.1: A-I / a cura di Giovanna Gaeta Bertellà 463 1$1001SOBE00041738$12000 $a3.2: L-Z / a cura di Paola Barocchi 801 0$aIT$bUNISOB$c20140326$gRICA 912 $aSOBE00041735 940 $aM 102 Monografia moderna SBN 941 $aM 996 $aTesto$9148802 996 $aIndice$9147899 997 $aUNISOB